000 00574nam a22001937a 4500
005 20250805121609.0
010 _aENG-146324
020 _a9789357316118
_c350.00
035 _aEN-129856
037 _bDBAD
082 _a615.538
_21
100 _aKrishan, Sonica
_983746
245 _aA Guide to Ayurvedic Remedies/
_cSonica Krishan
250 _a1
260 _aGurugram
_bHachette India
_c2025
270 _bGurugram
_a4th & 5th floor , corporate centre, plot no-94,sector-44
_e122003
300 _a198p.
_b20cm(pb)
942 _2ddc
_cEN
_h615.538
_mKRI
999 _c212880
_d212880